[Event "Ogolnopolska Olimpiada Mlodziezy C-14"]
[Site "Spala"]
[Date "1899-12-30"]
[Round "2.4"]
[White "Drozdowski, Konrad"]
[Black "Lukasiewicz, Krzysztof"]
[Result "1/2-1/2"]
[WhiteTitle "I+"]
[BlackTitle "I"]
[WhiteElo "1967"]
[BlackElo "1803"]

1. d4 d5 2. c4 e6 3. Nc3 Nf6 4. cxd5 exd5 5. Bg5 Be7 6. e3 c6 7. Bd3 O-O 8. Qc2
Nbd7 9. Nge2 Re8 10. O-O Nf8 11. f3 Nh5 12. Bxe7 Qxe7 13. e4 dxe4 14. fxe4 Bg4
15. Rae1 Rad8 16. h3 Be6 17. e5 Qh4 18. Ne4 Bd5 19. Rf2 Bxe4 20. Bxe4 Ng3 21.
Nxg3 Qxg3 22. Qc4 Ne6 23. Qc3 Qh4 24. g3 Qh6 25. Rd2 Ng5 26. h4 Nxe4 27. Rxe4
Qe6 28. b3 Rd5 29. Rf2 Red8 30. Qe3 c5 31. Rff4 h6 32. Kh2 cxd4 33. Rxd4 Rxd4
34. Rxd4 Rc8 35. Qe4 b6 36. Rd6 Qe7 37. Rd2 Rc5 38. Rd5 Rxd5 39. Qxd5 Qa3 40.
Qa8+ Kh7 41. Qe4+ g6 42. Qc2 Qa5 43. Qe2 Qd5 44. Qe3 h5 45. Qf4 a5 46. Qe3 b5
47. Qe2 Kg8 48. Qe3 a4 49. Qc3 axb3 50. axb3 Qe4 51. Qc5 Qe2+ 52. Kh3 Qf1+ 53.
Kh2 Qd3 54. b4 Kg7 55. Qe7 Qf1 56. Qd6 Qf2+ 57. Kh3 Qf5+ 58. Kh2 Qc2+ 59. Kh3
Qf5+ 60. Kh2 Qf2+ 1/2-1/2

[Event "Ogolnopolska Olimpiada Mlodziezy C-14"]
[Site "Spala"]
[Date "1899-12-30"]
[Round "2.5"]
[White "Karpus, Michal"]
[Black "Sernecki, Franciszek"]
[Result "1-0"]
[WhiteTitle "I+"]
[BlackTitle "I"]
[WhiteElo "1902"]
[BlackElo "1773"]

1. e4 d6 2. d4 Nf6 3. Nc3 c6 4. Be3 Ng4 5. Bg5 Qb6 6. a3 e5 7. Nf3 Nd7 8. Bc4 Qc7
9. O-O h6 10. Bh4 Ngf6 11. Bg3 Be7 12. Nh4 O-O 13. Nf5 Nb6 14. dxe5 dxe5 15. Bd3
Bxf5 16. exf5 Nfd5 17. Ne4 Rad8 18. Qg4 Nf6 19. Qf3 Rfe8 20. Rae1 a6 21. h3 c5
22. Nc3 Bd6 23. Re2 c4 24. Be4 Nxe4 25. Rxe4 f6 26. Qg4 Rc8 27. Qh4 Qf7 28. Rg4
Kh7 29. Rg6 Rh8 30. Qh5 Kg8 31. Rd1 Bc7 32. Ne4 Kf8 33. Bh4 Nd7 34. Rxd7 Qxd7
35. Nc5 Qf7 36. Ne6+ Ke8 37. Nxg7+ Kd7 38. Qd1+ Bd6 39. Rxf6 Qxg7 40. Qxd6+ Ke8
41. Re6+ Kf7 42. Re7+ Kg8 43. Rxg7+ Kxg7 44. Qxe5+ 1-0

[Event "Ogolnopolska Olimpiada Mlodziezy C-14"]
[Site "Spala"]
[Date "1899-12-30"]
[Round "2.6"]
[White "Szmer, Aleksander"]
[Black "Chylewski, Patryk"]
[Result "1/2-1/2"]
[WhiteTitle "I"]
[BlackTitle "I+"]
[WhiteElo "1732"]
[BlackElo "1899"]

1. d4 Nf6 2. Nc3 d5 3. Bg5 Ne4 4. Nxe4 dxe4 5. e3 Bf5 6. c4 c6 7. Bf4 e6 8. a3
Bd6 9. Bxd6 Qxd6 10. Qb3 Qc7 11. Ne2 Nd7 12. Nc3 Nf6 13. Be2 O-O 14. Rc1 Rfd8
15. O-O Qe7 16. Rfd1 Rd7 17. Rd2 Rad8 18. Rcd1 h6 19. h3 b6 20. Qa4 Rd6 21. Qb4
Qb7 22. Qb3 R6d7 23. Qa2 a6 24. Na4 Qa7 25. b4 Rc7 26. Nc3 Qb7 27. Rc1 Rcd7 28.
Rcd1 Rc7 29. Rb1 Rcd7 30. Rbd1 1/2-1/2

[Event "Ogolnopolska Olimpiada Mlodziezy C-14"]
[Site "Spala"]
[Date "1899-12-30"]
[Round "2.7"]
[White "Woloch, Oskar"]
[Black "Miszkielo, Bartosz"]
[Result "1-0"]
[WhiteTitle "I+"]
[BlackTitle "I"]
[WhiteElo "1892"]
[BlackElo "1707"]

1. d4 Nf6 2. c3 e6 3. Bg5 c5 4. Nf3 cxd4 5. cxd4 Be7 6. Nc3 h6 7. Bxf6 Bxf6 8.
e3 Nc6 9. Bd3 O-O 10. O-O b6 11. Rc1 Bb7 12. Ne4 Be7 13. Ng3 Nb4 14. Bb1 f5 15.
a3 Nc6 16. d5 Nb8 17. Ba2 d6 18. Nd4 Qd7 19. Nxe6 Rc8 20. Rxc8+ Bxc8 21. Nxf5
Bf6 22. Qg4 Kh8 23. Qg6 1-0

[Event "Ogolnopolska Olimpiada Mlodziezy C-14"]
[Site "Spala"]
[Date "1899-12-30"]
[Round "2.8"]
[White "Tokarz, Krzysztof"]
[Black "Zaleski, Lukasz"]
[Result "0-1"]
[WhiteTitle "II"]
[BlackTitle "I"]
[WhiteElo "1498"]
[BlackElo "1876"]

1. e4 e6 2. d4 d5 3. Nc3 dxe4 4. Nxe4 Nd7 5. Nf3 Ngf6 6. Nxf6+ Nxf6 7. Bd3 c5 8.
Bg5 cxd4 9. Bb5+ Bd7 10. Bxd7+ Qxd7 11. Bxf6 gxf6 12. Qxd4 Qxd4 13. Nxd4 O-O-O
14. Nb3 Bg7 15. Ke2 f5 16. c3 e5 17. Rad1 Kc7 18. Rd2 Rxd2+ 19. Nxd2 Rd8 20. Rg1
h5 21. h3 e4 22. g4 hxg4 23. hxg4 Bh6 24. g5 Rg8 25. f4 Bg7 26. Nc4 Rh8 27. Ne3
Rh2+ 28. Rg2 Rxg2+ 29. Nxg2 Kd6 30. Ke3 Ke6 31. Ne1 Bf8 32. Nc2 Bc5+ 33. Ke2 b5
34. b3 Kd5 35. Kd2 a5 36. Ke2 Bd6 37. Ke3 a4 38. Ne1 axb3 39. axb3 Ba3 40. Kd2
Bd6 41. Ke3 Bc5+ 42. Kd2 Bf2 43. Nc2 Bc5 44. Ne1 Ke6 45. Ng2 Bf2 46. Kc2 Kd5 47.
Kd2 Kc5 48. Ke2 Bg3 49. Kd2 b4 50. Kc2 bxc3 51. Kxc3 Bf2 52. Kd2 Kb4 53. Ke2 Bg3
54. Ne3 Kxb3 55. Nxf5 Bxf4 56. Kf2 Kc3 57. Ke2 Kc4 58. Nh6 f6 59. Nf5 Bxg5 60.
Kf2 Kd3 61. Ke1 e3 62. Kd1 e2+ 63. Ke1 Bd2+ 0-1

[Event "Ogolnopolska Olimpiada Mlodziezy C-14"]
[Site "Spala"]
[Date "1899-12-30"]
[Round "2.9"]
[White "Kowalski, Igor"]
[Black "Leskiewicz, Ignacy"]
[Result "1-0"]
[WhiteTitle "I"]
[BlackTitle "I"]
[WhiteElo "1852"]
[BlackElo "1685"]

1. d4 Nf6 2. c4 e6 3. Nc3 Bb4 4. Qc2 O-O 5. a3 Bxc3+ 6. Qxc3 d6 7. Bg5 Nbd7 8.
e3 Qe7 9. Bd3 e5 10. Ne2 c6 11. O-O Nb6 12. a4 h6 13. Bh4 g5 14. Bg3 e4 15. Bc2
Bg4 16. f3 exf3 17. gxf3 Bh3 18. Rf2 Nh5 19. a5 Nd7 20. e4 f5 21. exf5 Bxf5 22.
Bb3 Nxg3 23. Nxg3 Bg6 24. a6 Rab8 25. c5+ d5 26. axb7 Rxb7 27. Ra6 Rf6 28. Rxc6
Bf7 29. Rxf6 Qxf6 30. Ba4 Nb8 31. Re2 Nc6 32. Bxc6 Qxc6 33. Nf5 Kf8 34. Nd6 Re7
35. Rxe7 Kxe7 36. Qe1+ Be6 37. Qe5 Qd7 38. Qg7+ Kd8 39. Qf8+ Kc7 40. Qa8 Qa4 41.
Qb7+ Kd8 42. Qb8+ Ke7 43. Qc7+ Qd7 44. Nc8+ Ke8 45. Qxd7+ Bxd7 46. Nxa7 Kd8 47.
c6 Be8 48. b4 Kc7 49. Nb5+ Kxc6 50. Nc3 Bf7 51. Kf2 Be6 52. Kg3 Bf5 53. h4 Be6
54. hxg5 hxg5 55. Kf2 Bf5 56. Ke3 Kd6 57. Ne2 Kc6 58. Kd2 Kb5 59. Kc3 Bh7 60.
f4 gxf4 61. Nxf4 Be4 62. Kb3 Bf3 63. Kc3 Be4 64. Ne2 Bf3 65. Nc1 Bg4 66. Nb3 Bf5
67. Nc5 Bc8 68. Kb3 Bf5 69. Na4 Be6 70. Nc3+ Kb6 71. Ka4 Bf7 72. b5 Be6 73. Kb4
Bf7 74. Na4+ Kb7 75. Kc5 Be8 76. Nc3 Kc7 77. Nxd5+ Kb7 78. Nf6 Bf7 79. d5 Kb8
80. Kc6 Kc8 81. b6 Bg6 82. b7+ Kb8 83. Nd7+ 1-0

[Event "Ogolnopolska Olimpiada Mlodziezy C-14"]
[Site "Spala"]
[Date "1899-12-30"]
[Round "2.10"]
[White "Szustakowski, Antoni"]
[Black "Grela, Kacper"]
[Result "0-1"]
[WhiteTitle "II"]
[BlackTitle "I+"]
[WhiteElo "1621"]
[BlackElo "2025"]

1. d4 Nf6 2. c4 e6 3. g3 c5 4. Nf3 b6 5. Bg2 Bb7 6. O-O d6 7. Nc3 a6 8. Re1 Qc7
9. b3 Nbd7 10. e4 cxd4 11. Qxd4 Rd8 12. Bb2 Be7 13. Rad1 O-O 14. Qe3 Ng4 15. Qe2
Nge5 16. Nxe5 dxe5 17. Rd2 Nb8 18. Rxd8 Rxd8 19. Rd1 Rc8 20. Qd3 Nc6 21. Ne2 Rd8
22. Qb1 Rd7 23. a3 Qd8 24. Rxd7 Qxd7 25. Qc2 a5 26. Nc1 Bc5 27. Nd3 Bd4 28. Bc3
Ba6 29. Qb2 Qd6 30. Bxd4 Nxd4 31. Ne1 f6 32. Nf3 Nxf3+ 33. Bxf3 Qd3 34. Bg4 Kf7
35. f3 a4 36. b4 Bxc4 37. Qf2 Qxa3 38. Qxb6 Qc1+ 39. Kg2 Qf1# 0-1

[Event "Ogolnopolska Olimpiada Mlodziezy C-14"]
[Site "Spala"]
[Date "1899-12-30"]
[Round "2.11"]
[White "Kubiak, Jakub"]
[Black "Walter, Szymon"]
[Result "0-1"]
[WhiteTitle "I"]
[BlackTitle "I+"]
[WhiteElo "1646"]
[BlackElo "1942"]

1. e4 c5 2. Nf3 d6 3. d4 cxd4 4. Nxd4 Nf6 5. Nc3 g6 6. Be3 Bg7 7. f3 O-O 8. Qd2
Nc6 9. O-O-O d5 10. exd5 Nxd5 11. Nxc6 bxc6 12. Bd4 Bxd4 13. Qxd4 Qc7 14. Qc5
Qf4+ 15. Kb1 Bf5 16. Rxd5 cxd5 17. Nxd5 Qd2 18. Nxe7+ Kh8 19. b3 Bxc2+ 20. Qxc2
Qe1+ 21. Kb2 Qxe7 22. Bc4 Rfe8 23. Rd1 Rad8 24. Rxd8 Rxd8 25. Qc3+ f6 26. Kc2
Kg7 27. Bd3 Rd7 28. Kb2 Qd6 29. Bb5 Rc7 30. Qd3 Qe5+ 31. Kb1 Qe1+ 0-1

[Event "Ogolnopolska Olimpiada Mlodziezy C-14"]
[Site "Spala"]
[Date "1899-12-30"]
[Round "2.12"]
[White "Bilczewski, Kacper"]
[Black "Urbanski, Wojciech"]
[Result "1-0"]
[WhiteTitle "I"]
[BlackTitle "II"]
[WhiteElo "1801"]
[BlackElo "1400"]

1. e4 c5 2. c3 Qa5 3. Bc4 e6 4. Nf3 Nc6 5. O-O b5 6. Be2 Nge7 7. d4 cxd4 8. cxd4
d5 9. e5 Qb6 10. Nbd2 a6 11. Nb3 Nf5 12. g4 Nh6 13. h3 Be7 14. Be3 O-O 15. Qc1
Bd7 16. Bxh6 gxh6 17. Qxh6 f6 18. g5 fxg5 19. Nxg5 Bxg5 20. Qxg5+ Kh8 21. Qh4
Rf7 22. Rad1 Raf8 23. f4 Ne7 24. Bd3 Be8 25. Kh2 Rg7 26. Nc5 Bg6 27. Nd7 Qd8 28.
Nxf8 Qxf8 29. Qf6 Qf7 30. Qxf7 Rxf7 31. Bxg6 Nxg6 32. Rc1 a5 33. Kg3 Ne7 34. Kh2
Nf5 35. Rg1 h6 36. Rgd1 Ne3 1-0

[Event "Ogolnopolska Olimpiada Mlodziezy C-14"]
[Site "Spala"]
[Date "1899-12-30"]
[Round "2.13"]
[White "Tamon, Radoslaw"]
[Black "Karwat, Szymon"]
[Result "1-0"]
[WhiteTitle "I"]
[BlackTitle "II"]
[WhiteElo "1707"]
[BlackElo "1379"]

1. e4 c5 2. Nf3 a6 3. d4 cxd4 4. Nxd4 Nf6 5. Nc3 e5 6. Nb3 Bb4 7. Bd3 Nc6 8. O-O
O-O 9. Bg5 Be7 10. Qf3 d6 11. Bxf6 Bxf6 12. Nd5 Bg5 13. c3 Ne7 14. Nxe7+ Qxe7
15. Na5 b5 16. Nc6 Qb7 17. Nb4 Be6 18. Nc2 f5 19. Ne3 f4 20. Nd5 Bxd5 21. exd5
Bf6 22. Qh3 Qxd5 23. Qxh7+ Kf7 24. Qg6+ Ke7 25. Be4 Qe6 26. Bxa8 Rxa8 27. g3 fxg3
28. fxg3 e4 29. Qf5 d5 30. Rad1 Rd8 31. Qxe6+ Kxe6 32. Rfe1 a5 33. Kf2 Ke5 34.
Rd4 Be7 35. Kg2 Bc5 36. Rexe4+ Kd6 37. Rd2 Rf8 38. Rg4 b4 39. Rxg7 bxc3 40. bxc3
Rf5 41. Rg6+ Kc7 42. Re6 Kd7 43. Ra6 1-0

[Event "Ogolnopolska Olimpiada Mlodziezy C-14"]
[Site "Spala"]
[Date "1899-12-30"]
[Round "2.14"]
[White "Blocinski, Maciej"]
[Black "Krawczyk, Piotr"]
[Result "1-0"]
[WhiteTitle "I"]
[BlackTitle "II+"]
[WhiteElo "1665"]
[BlackElo "1513"]

1. d4 Nf6 2. c4 e6 3. Nf3 b6 4. Nc3 Bb4 5. Bg5 Bb7 6. e3 O-O 7. Bd3 d5 8. O-O Be7
9. Rc1 Nbd7 10. Qe2 c5 11. Rfd1 Rc8 12. b3 Qc7 13. Nb5 Qd8 14. Nxa7 Ra8 15. Nb5
Bc6 16. Nc3 Qb8 17. Bb1 Bd6 18. h3 Qb7 19. Bxf6 Nxf6 20. Ne5 Bxe5 21. dxe5 Nd7
22. f4 dxc4 23. bxc4 Rfd8 24. Nb5 Nf8 25. Nd6 Qc7 26. e4 f6 27. Qg4 fxe5 28. fxe5
Qe7 29. Rf1 Be8 30. Rf2 Nd7 31. Rcf1 Bg6 32. Qg3 Nxe5 33. Qxe5 Qxd6 34. Qg5 Rf8
35. Qd2 Rfd8 36. Qb2 Rab8 37. e5 Qd4 38. Bxg6 hxg6 39. Qc2 Kh7 40. Kh1 Qd3 41.
Qc1 Rd4 42. Rf4 Rbd8 43. Qe1 Rxf4 44. Rxf4 Qd1 45. Rf1 Qxe1 46. Rxe1 Kh6 47. Rb1
Rb8 48. a4 Kg5 49. a5 Kf5 50. Rxb6 Ra8 51. Rb5 Rc8 52. Rb7 Kxe5 53. Rxg7 Kf6 54.
Rb7 Rc6 55. Rb6 Rc8 56. a6 Kf5 57. Kg1 e5 58. Kf2 Ke4 59. Rxg6 Kd4 60. Rg4+ e4
61. h4 Ra8 62. Rg6 Kxc4 63. h5 Kd4 64. h6 Ra7 65. g4 c4 66. Ke2 Ke5 67. g5 c3
68. Rc6 Rh7 69. Rxc3 Kd5 70. Rb3 Ke5 71. Rb7 Rh8 72. a7 Ra8 73. g6 Kf6 74. g7
Kg6 75. h7 Kxh7 76. g8=Q+ Kxg8 77. Rb8+ Rxb8 78. axb8=Q+ 1-0

[Event "Ogolnopolska Olimpiada Mlodziezy C-14"]
[Site "Spala"]
[Date "1899-12-30"]
[Round "2.15"]
[White "Trendowski, Michal"]
[Black "Wrobel, Michal"]
[Result "0-1"]
[WhiteTitle "II+"]
[BlackTitle "I"]
[WhiteElo "1582"]
[BlackElo "1746"]

1. e4 e6 2. d4 d5 3. Nc3 Bb4 4. e5 c5 5. a3 Bxc3+ 6. bxc3 Qc7 7. Nf3 Nc6 8. a4
Nge7 9. Be2 O-O 10. O-O Ng6 11. h4 f6 12. h5 Nge7 13. exf6 gxf6 14. Bh6 Rf7 15.
Nh4 e5 16. f4 exd4 17. cxd4 Nxd4 18. Ra3 Ndf5 19. Nxf5 Nxf5 20. Qxd5 Nxh6 21.
Rg3+ Kh8 22. Rd1 Bf5 23. Bc4 Rd7 24. Qf3 Rxd1+ 25. Qxd1 Qxf4 0-1

[Event "Ogolnopolska Olimpiada Mlodziezy C-14"]
[Site "Spala"]
[Date "1899-12-30"]
[Round "2.16"]
[White "Holownia, Michal"]
[Black "Paliszewski, Dominik"]
[Result "0-1"]
[WhiteTitle "II"]
[BlackTitle "II"]
[WhiteElo "1576"]
[BlackElo "1648"]

1. e4 c6 2. d4 d5 3. Nc3 dxe4 4. Nxe4 Bf5 5. Ng3 Bg6 6. N1e2 e6 7. Nf4 Bd6 8. c3
Nf6 9. Bc4 Nbd7 10. O-O Qc7 11. Qf3 Nb6 12. Bb3 Nbd5 13. Nxg6 hxg6 14. c4 Ne7
15. Bg5 Nf5 16. Rad1 O-O-O 17. Bc2 Bxg3 18. fxg3 Nxd4 19. Qd3 Nf5 20. Qa3 a6 21.
b4 Rxd1 22. Rxd1 Rd8 23. Qc3 Rxd1+ 24. Bxd1 Ne4 25. Qc1 Qd6 26. h3 Nxg5 27. Qxg5
Qxd1+ 28. Kh2 Qe2 29. Qf4 Ne3 0-1

[Event "Ogolnopolska Olimpiada Mlodziezy C-14"]
[Site "Spala"]
[Date "1899-12-30"]
[Round "2.17"]
[White "Gaj, Szymon"]
[Black "Raczynski, Krzysztof"]
[Result "0-1"]
[WhiteTitle "II+"]
[BlackTitle "I"]
[WhiteElo "1544"]
[BlackElo "1634"]

1. d4 Nf6 2. c4 g6 3. Nc3 Bg7 4. e4 d6 5. Bd3 O-O 6. Nge2 e5 7. d5 Ne8 8. O-O f5
9. f4 Na6 10. Be3 Nf6 11. fxe5 Ng4 12. Qd2 Nxe3 13. Qxe3 dxe5 14. c5 f4 15. Qf2
Nb4 16. Bb1 Qg5 17. a3 Na6 18. Kh1 Bg4 19. Ng1 Qh5 20. Ba2 Kh8 21. b4 Bf6 22.
Nf3 Rad8 23. h3 g5 24. Kg1 Bc8 25. b5 Nb8 26. c6 b6 27. d6 Rxd6 28. Nd5 g4 29.
hxg4 Bxg4 30. Nxc7 Be7 31. Qb2 Bxf3 32. Rxf3 Rd3 33. Rf2 Bc5 34. Ne6 Rg8 35. Nxc5
Rh3 36. Rxf4 Rh1+ 37. Kf2 Rxg2+ 38. Kxg2 Qh2+ 39. Kf3 Qxf4+ 40. Ke2 Rh2+ 41. Ne6
0-1

[Event "Ogolnopolska Olimpiada Mlodziezy C-14"]
[Site "Spala"]
[Date "1899-12-30"]
[Round "2.18"]
[White "Choina, Michal"]
[Black "Mendak, Mateusz"]
[Result "0-1"]
[WhiteTitle "II"]
[BlackTitle "II"]
[WhiteElo "1627"]
[BlackElo "1575"]

1. e4 c5 2. Nf3 e6 3. d4 cxd4 4. Nxd4 Nc6 5. Be3 Qc7 6. Nc3 a6 7. Qd2 Nf6 8. f3
d6 9. Bd3 Be7 10. a3 Ne5 11. Qe2 b5 12. O-O O-O 13. Rac1 Bb7 14. Rfd1 Rac8 15.
a4 b4 16. Na2 d5 17. exd5 Nxd5 18. Bf2 Bg5 19. Rb1 Nf4 20. Qf1 Nexd3 21. cxd3
e5 22. Ne2 a5 23. Nxf4 Bxf4 24. Qe2 Bd5 25. Nc1 Qc2 26. Qxc2 Rxc2 27. Kf1 Rfc8
28. Ne2 Bh6 29. Bb6 Ba2 30. Ra1 Rxb2 31. Bxa5 Rcc2 32. Re1 g6 33. Bb6 Bd2 34.
Red1 Bc3 35. Nxc3 bxc3 36. Be3 Rxg2 37. Rac1 Bb3 38. Re1 Rxh2 39. Rxc3 Bxa4 40.
Rec1 Bd7 41. Kg1 Bh3 42. d4 Rbg2+ 0-1

[Event "Ogolnopolska Olimpiada Mlodziezy C-14"]
[Site "Spala"]
[Date "1899-12-30"]
[Round "2.19"]
[White "Pietras, Daniel"]
[Black "Laszczak, Przemyslaw"]
[Result "1-0"]
[WhiteTitle "II+"]
[BlackTitle "II+"]
[WhiteElo "1509"]
[BlackElo "1625"]

1. e4 c6 2. d4 d5 3. exd5 cxd5 4. Nf3 Bg4 5. Be3 Nc6 6. c4 Nf6 7. Nc3 e6 8. Be2
a6 9. c5 Be7 10. O-O O-O 11. Na4 Nd7 12. a3 f5 13. Qd2 Bxf3 14. Bxf3 g5 15. g3
h6 16. Rfe1 Nf6 17. Nb6 Rb8 18. Rad1 Nd7 19. Na4 b6 20. b4 b5 21. Nb2 Qe8 22.
Qe2 Nf6 23. Bxg5 hxg5 24. Qxe6+ Kg7 25. Qxf5 Ne4 26. Qxd5 Rxf3 27. Qxe4 Qh5 28.
Qxc6 Rh8 29. Rxe7+ Kf8 30. Re8+ Qxe8 31. Qxf3+ Kg8 32. Qd5+ Kh7 33. Qe5 Qg6 34.
Re1 Qh5 35. Qe7+ Kg6 36. Re6+ Kf5 37. Rf6+ Kg4 38. Qe2+ Kh3 39. Qf1+ Kg4 40. f3#
1-0

[Event "Ogolnopolska Olimpiada Mlodziezy C-14"]
[Site "Spala"]
[Date "1899-12-30"]
[Round "2.20"]
[White "Hrymowicz, Artur"]
[Black "Miasik, Adrian"]
[Result "1/2-1/2"]
[WhiteTitle "II"]
[BlackTitle "II"]
[WhiteElo "1425"]
[BlackElo "1594"]

1. e4 e5 2. Nf3 Nc6 3. d4 exd4 4. Nxd4 Nf6 5. Nxc6 bxc6 6. e5 Qe7 7. Qe2 Nd5 8.
c4 Nb6 9. Nd2 Ba6 10. b3 Qe6 11. g3 Bb4 12. Bg2 Bc3 13. Rb1 Qxe5 14. Qxe5+ Bxe5
15. O-O O-O 16. Ne4 d6 17. Be3 Bb7 18. f4 Bf6 19. Nxf6+ gxf6 20. Bd4 f5 21. a4
d5 22. a5 Nd7 23. Bh3 c5 24. Ba1 d4 25. Bxf5 Nf6 26. Rfe1 Rfe8 27. Bb2 Be4 28.
Bxe4 Nxe4 29. Rbd1 Rab8 30. Rd3 Nd6 31. Rxe8+ Rxe8 32. Kf1 a6 33. Ba3 Nb7 34.
b4 cxb4 35. Bxb4 c5 36. Ba3 Rc8 37. Bc1 Nxa5 38. Ra3 Nxc4 39. Rxa6 d3 40. Ke1
Re8+ 41. Kd1 Re2 42. Ra4 Re4 43. Ra8+ Kg7 44. Rc8 d2 45. Bxd2 Rd4 46. Rxc5 Nxd2
47. Ke2 Nc4 48. Kf3 h6 49. h4 Nd6 50. Ke3 Re4+ 51. Kf3 Re6 52. Rd5 Ne8 53. g4
Rd6 54. Re5 Nf6 55. g5 hxg5 56. hxg5 Nd7 1/2-1/2

[Event "Ogolnopolska Olimpiada Mlodziezy C-14"]
[Site "Spala"]
[Date "1899-12-30"]
[Round "2.21"]
[White "Modlich, Kacper"]
[Black "Filewicz, Radoslaw"]
[Result "0-1"]
[WhiteTitle "II+"]
[BlackTitle "I"]
[WhiteElo "1592"]
[BlackElo "1508"]

1. e4 c5 2. Nf3 e6 3. d4 cxd4 4. Nxd4 Nf6 5. Nc3 d6 6. Be2 a6 7. a4 Qc7 8. O-O
b6 9. f4 Bb7 10. Bf3 Nbd7 11. Be3 Nc5 12. e5 Nfe4 13. Nxe4 Nxe4 14. Bxe4 Bxe4
15. exd6 Bxd6 16. Qg4 g6 17. Rae1 h5 18. Qh3 Be7 19. Nxe6 fxe6 20. Bd4 Bf5 21.
Qf3 O-O 22. Qg3 Bc5 23. c3 Bxd4+ 24. cxd4 Qd7 25. Rd1 Kh7 26. Qb3 Be4 27. Rfe1
Bd5 28. Qg3 Rac8 29. Re5 Rf5 30. Rxf5 exf5 31. Re1 Be4 32. h4 Rc2 33. Qa3 Bxg2
34. Kh2 Be4+ 35. Kh3 Rd2 36. Qf8 Rd3+ 37. Kh2 Rxd4 38. Kg1 Rd2 39. Kf1 Qd3+ 40.
Kg1 Qg3+ 41. Kf1 Qf2# 0-1

[Event "Ogolnopolska Olimpiada Mlodziezy C-14"]
[Site "Spala"]
[Date "1899-12-30"]
[Round "2.22"]
[White "Rak, Maciej"]
[Black "Poplawski, Maciej"]
[Result "0-1"]
[WhiteTitle "II"]
[BlackTitle "II"]
[WhiteElo "1395"]
[BlackElo "1591"]

1. e4 c6 2. d4 d5 3. Nc3 dxe4 4. Nxe4 Nf6 5. Nxf6+ exf6 6. c3 Be6 7. Be2 Bd6 8.
Nf3 O-O 9. O-O Qc7 10. h3 Nd7 11. Be3 Rfe8 12. Re1 Rad8 13. Qc2 Nf8 14. a3 Ng6
15. Bd3 Bf4 16. Bxf4 Qxf4 17. Qd2 Bxh3 18. Bxg6 Qg4 19. Bxh7+ Kxh7 20. Qd3+ g6
21. g3 Kg7 22. Rxe8 Rxe8 23. Re1 Rh8 24. Re4 Qf5 25. Nh4 Qh5 26. Qe2 Qg5 27. Qe3
Qh5 28. Qe2 Qh6 29. f4 g5 30. Qh2 Qh7 31. f5 Bxf5 32. Nxf5+ Qxf5 33. Qg2 a6 34.
Re1 Qd3 35. Kf2 f5 36. Re3 Qb1 37. Re2 Kf6 38. b4 Qd3 39. Re3 Qd2+ 40. Kf3 g4+
41. Kf4 Qxg2 0-1

[Event "Ogolnopolska Olimpiada Mlodziezy C-14"]
[Site "Spala"]
[Date "1899-12-30"]
[Round "2.23"]
[White "Sulkowski, Andrzej"]
[Black "Bakalarczyk, Jakub"]
[Result "1-0"]
[WhiteTitle "II+"]
[BlackTitle "II"]
[WhiteElo "1585"]
[BlackElo "1442"]

1. d4 d5 2. c4 dxc4 3. e3 Nf6 4. Bxc4 e6 5. Nc3 c5 6. Nf3 cxd4 7. Nxd4 Be7 8. O-O
O-O 9. Qc2 a6 10. Rd1 Qc7 11. Bd3 b5 12. Bd2 Bb7 13. Rac1 Nbd7 14. Nd5 Qd8 15.
Nxe7+ Qxe7 16. Qc7 Rab8 17. Nc6 Bxc6 18. Rxc6 Nd5 19. Qg3 N7b6 20. e4 Nf6 21.
Rc7 Qd8 22. Bc3 Ne8 23. Ra7 f6 24. Be2 Qc8 25. Bh5 Rb7 26. Rxb7 Qxb7 27. Bb4 g6
28. Bxf8 Kxf8 29. Bf3 e5 30. Qh3 Qe7 31. Be2 Nd6 32. Qd3 Nbc8 33. Qa3 Qc7 34.
Bg4 Kg7 35. Bxc8 Nxc8 36. Qxa6 Qc2 37. Rf1 Ne7 38. Qxb5 Qxe4 39. a4 Nf5 40. Qd7+
Kh6 41. a5 Nd4 42. Qh3+ Kg7 43. a6 f5 44. a7 Qa8 1-0

[Event "Ogolnopolska Olimpiada Mlodziezy C-14"]
[Site "Spala"]
[Date "1899-12-30"]
[Round "3.1"]
[White "Woloch, Oskar"]
[Black "Janik, Igor"]
[Result "1/2-1/2"]
[WhiteTitle "I+"]
[BlackTitle "I++"]
[WhiteElo "1892"]
[BlackElo "2052"]

1. d4 Nf6 2. c3 g6 3. Bg5 Bg7 4. Nd2 O-O 5. e4 d6 6. Ngf3 h6 7. Bh4 c5 8. dxc5
dxc5 9. Be2 Nc6 10. O-O g5 11. Bg3 Nh5 12. Re1 Nxg3 13. hxg3 Qc7 14. Qc2 b6 15.
Nc4 Bb7 16. Ne3 e6 17. g4 Ne5 18. Rad1 Rfd8 19. g3 Bc6 20. Kg2 Ng6 21. Rxd8+ Rxd8
22. Nd2 Qb7 23. f3 Be5 24. Ndf1 Kf8 25. Nc4 Bc7 26. Rd1 Rxd1 27. Qxd1 Ke7 28.
Nce3 Be5 29. Kf2 Qb8 30. Nc4 Qh8 31. Qd2 Qf6 32. Qe3 Bc7 33. Kg2 Ne5 34. Nfd2
Nd7 35. Na3 Qe5 36. Nf1 Bb8 37. Nc4 Qc7 38. b3 b5 39. Na3 a6 40. Nc2 Qa5 41. a3
Qc7 42. Kh3 Qe5 43. Kg2 Nf6 44. Ne1 Nd7 45. Nc2 Bc7 46. Ne1 Bb6 47. Qd2 Qc7 48.
Ne3 Ba7 49. N1c2 Nf6 50. c4 Bb8 51. Nf1 Qe5 52. Nce3 Bc7 53. cxb5 axb5 54. Qc1
h5 55. gxh5 g4 56. h6 gxf3+ 57. Bxf3 Bxe4 58. Bxe4 Qxe4+ 59. Kf2 Bb6 60. Nd2 Qg6
61. Qh1 1/2-1/2

[Event "Ogolnopolska Olimpiada Mlodziezy C-14"]
[Site "Spala"]
[Date "1899-12-30"]
[Round "3.2"]
[White "Zaleski, Lukasz"]
[Black "Gumularz, Szymon"]
[Result "1/2-1/2"]
[WhiteTitle "I"]
[BlackTitle "I++"]
[WhiteElo "1876"]
[BlackElo "2024"]

1. Nf3 Nf6 2. g3 g6 3. Bg2 Bg7 4. O-O O-O 5. d4 d5 6. c4 dxc4 7. Na3 Nc6 8. Nxc4
Be6 9. Nce5 Nxe5 10. Nxe5 Bd5 11. f3 Nd7 12. Nxd7 Qxd7 13. e3 c5 14. dxc5 Qc6
15. Qc2 Rac8 16. Rf2 Qxc5 17. Qxc5 Rxc5 18. f4 Bxg2 19. Kxg2 Rfc8 20. Bd2 Rc2
21. Bc3 Rxf2+ 22. Kxf2 Bxc3 23. Rc1 Rd8 24. Rxc3 Rd2+ 25. Kf3 Rxb2 26. Rc7 e6
27. a4 a5 28. h3 Kg7 29. g4 b6 30. Rb7 Rb4 31. g5 Rb3 32. h4 Rb1 33. Ke4 Rb4+
34. Ke5 Rxa4 35. Rxb6 Ra3 36. e4 Rh3 37. Ra6 Rxh4 38. Rxa5 h6 39. gxh6+ Kxh6 40.
Ra7 Kg7 41. Rb7 Rh5+ 42. Kd4 Kf6 43. Ke3 Rh3+ 44. Kf2 Ra3 45. Ke2 Ra5 46. Kf3
g5 47. fxg5+ Rxg5 48. Kf4 Rh5 49. Kg4 Rh1 50. Rb5 Rf1 51. Kg3 Kg6 52. Ra5 f6 53.
Ra8 e5 54. Ra3 Re1 55. Kf3 Rh1 56. Kg2 Rh4 57. Rg3+ Kf7 58. Kf3 Rh1 59. Kf2 Rh2+
60. Ke3 Ra2 61. Rg1 Ra3+ 62. Ke2 Rh3 63. Kd2 Ke6 64. Ke2 Kd6 65. Rf1 Kc5 66. Rxf6
Kd4 67. Rf3 Rh2+ 68. Ke1 Kxe4 69. Ra3 Kf4 70. Rb3 e4 71. Ra3 Rb2 72. Rc3 e3 73.
Rc8 Kf3 1/2-1/2

[Event "Ogolnopolska Olimpiada Mlodziezy C-14"]
[Site "Spala"]
[Date "1899-12-30"]
[Round "3.3"]
[White "Kowalski, Igor"]
[Black "Karpus, Michal"]
[Result "1/2-1/2"]
[WhiteTitle "I"]
[BlackTitle "I+"]
[WhiteElo "1852"]
[BlackElo "1902"]

1. d4 Nf6 2. c4 g6 3. Nc3 Bg7 4. e4 d6 5. f3 O-O 6. Nge2 c5 7. Be3 Nc6 8. d5 Na5
9. Ng3 a6 10. Qd2 Re8 11. Be2 e6 12. O-O exd5 13. Nxd5 Nxd5 14. cxd5 b5 15. f4
Rb8 16. f5 Nc4 17. Bxc4 bxc4 18. Bg5 Rxb2 19. Qxb2 Bxb2 20. Bxd8 Bxa1 21. Rxa1
Rxd8 22. fxg6 hxg6 23. Rc1 Bd7 24. Rxc4 Rb8 25. Rc2 Ba4 26. Rd2 Kg7 27. Kf2 Kf6
28. Ke3 Ke5 29. Rf2 Rf8 30. Ne2 f5 31. Nf4 Be8 32. g4 Kf6 33. gxf5 gxf5 34. Ne6
Rh8 35. Rxf5+ Ke7 36. Rf2 Rh3+ 37. Kd2 Ra3 38. Kc1 Re3 39. Ng5 Bg6 40. Kd2 Ra3
41. Kc1 Re3 1/2-1/2

[Event "Ogolnopolska Olimpiada Mlodziezy C-14"]
[Site "Spala"]
[Date "1899-12-30"]
[Round "3.4"]
[White "Grela, Kacper"]
[Black "Bilczewski, Kacper"]
[Result "1/2-1/2"]
[WhiteTitle "I+"]
[BlackTitle "I"]
[WhiteElo "2025"]
[BlackElo "1801"]

1. e4 e5 2. Nf3 Nc6 3. Bb5 Bc5 4. O-O Nf6 5. c3 O-O 6. d4 Bb6 7. Bg5 h6 8. Bh4
exd4 9. cxd4 g5 10. Nxg5 hxg5 11. Bxg5 Bxd4 12. Nc3 a6 13. Nd5 Be5 14. f4 Bd4+
15. Kh1 axb5 16. Rf3 d6 17. e5 Nxd5 18. Rg3 Bf2 19. Bxd8+ Bxg3 20. hxg3 Rxd8 21.
Qxd5 dxe5 22. Qf3 Ra4 23. fxe5 Nxe5 24. Qf6 Nc6 25. Qg5+ Kf8 26. Rf1 Be6 27. Qxb5
Rb4 28. Qg5 Rbd4 29. Re1 Rd1 30. Qh6+ Ke7 31. Qg5+ Kf8 32. Qh6+ Ke7 33. Qg5+ Kf8
34. Qh6+ 1/2-1/2

[Event "Ogolnopolska Olimpiada Mlodziezy C-14"]
[Site "Spala"]
[Date "1899-12-30"]
[Round "3.5"]
[White "Koziol, Kamil"]
[Black "Szmer, Aleksander"]
[Result "1-0"]
[WhiteTitle "I++"]
[BlackTitle "I"]
[WhiteElo "2005"]
[BlackElo "1732"]

1. e4 c5 2. Nf3 Nc6 3. d4 cxd4 4. Nxd4 Nf6 5. Nc3 d6 6. Nb3 e5 7. Bg5 Be7 8. Bxf6
Bxf6 9. g3 a6 10. a4 Be6 11. Nd5 O-O 12. Bg2 Rc8 13. c3 Bxd5 14. Qxd5 Qb6 15.
O-O Rfd8 16. a5 Qc7 17. Rfd1 Ne7 18. Qd3 Qc4 19. Qxc4 Rxc4 20. Nd2 Rc5 21. Ra4
d5 22. exd5 Nxd5 23. Ne4 Rcc8 24. Rxd5 1-0